The endogenous money stock (Registro nro. 29288)

Detalles MARC
000 -LEADER
fixed length control field 00375 a2200121 4500
001 - CONTROL NUMBER
control field ART_44446
005 - DATE AND TIME OF LATEST TRANSACTION
control field 20260410161939.0
008 - FIXED-LENGTH DATA ELEMENTS--GENERAL INFORMATION
fixed length control field 260409a
100 1# - MAIN ENTRY--PERSONAL NAME
Personal name Arestis, Philip
245 10 - TITLE STATEMENT
Title The endogenous money stock
700 1# - ADDED ENTRY--PERSONAL NAME
Personal name Biefang-Frisancho Mariscal, Iris
773 0# - HOST ITEM ENTRY
Title Journal of post Keynesian economics
Related parts - Vol. 17, Nº 4 (jun. 1995)
Record control number REV26226

No hay ítems disponibles.